[Event "2. Match China-Francia juvenil"]
[Site "Shenzheng CHN"]
[Date "2005.06.28"]
[Round "1.1"]
[White "Zhao Xue"]
[Black "Le Roux, Jean Pierre"]
[Result "0-1"]
[WhiteElo "2478"]
[BlackElo "2466"]
[PlyCount "132"]
[EventDate "2005.06.28"]
[EventType "team"]
[EventRounds "8"]
[EventCountry "CHN"]
[Source "lmi"]
[SourceDate "2005.07.07"]

1. d4 Nf6 2. c4 e6 3. Nf3 b6 4. Nc3 Bb7 5. a3 g6 6. d5 Bg7 7. e4 O-O 8. Bd3 d6
9. O-O Nbd7 10. Re1 c6 11. Bf1 cxd5 12. cxd5 exd5 13. exd5 Re8 14. Bf4 Rxe1 15.
Nxe1 Nc5 16. Qf3 Qe7 17. Nc2 Nfe4 18. Rd1 Nxc3 19. bxc3 Be5 20. Ne3 Qf6 21. Rd4
Bxd4 22. Ng4 Qe7 23. cxd4 Nd7 24. Nh6+ Kg7 25. Qg3 Qe4 26. Bxd6 Rc8 27. Bf4
Bxd5 28. h3 Be6 29. Ng4 Bxg4 30. Qxg4 Qe6 31. Qg5 Kg8 32. Bb5 Nf6 33. Be5 Ne4
34. Qf4 Nc3 35. Ba6 Rd8 36. Qh4 Re8 37. Kh2 b5 38. Bb7 a5 39. f4 b4 40. axb4
axb4 41. d5 Nxd5 42. Bxd5 Qxd5 43. Qf6 Rxe5 44. fxe5 b3 45. h4 h5 46. g3 Qe6
47. Qd8+ Kh7 48. Qb8 Qc4 49. Qb7 Kg7 50. Qb6 Qc2+ 51. Kh3 b2 52. Qf6+ Kg8 53.
e6 fxe6 54. Qxe6+ Kf8 55. Qf6+ Ke8 56. Qe6+ Kd8 57. Qd6+ Kc8 58. Qa6+ Kc7 59.
Qa7+ Kd6 60. Qb6+ Kd5 61. Qb5+ Ke4 62. Qb4+ Kd3 63. Qd6+ Ke2 64. Qe5+ Kf1 65.
Qf4+ Qf2 66. Qe4 Qf5+ 0-1

[Event "2. Match China-Francia juvenil"]
[Site "Shenzheng CHN"]
[Date "2005.06.28"]
[Round "1.3"]
[White "Zhou Jianchao"]
[Black "Benmesbah, Natascha"]
[Result "1-0"]
[WhiteElo "2473"]
[BlackElo "2113"]
[PlyCount "93"]
[EventDate "2005.06.28"]
[EventType "team"]
[EventRounds "8"]
[EventCountry "CHN"]
[Source "lmi"]
[SourceDate "2005.07.07"]

1. d4 Nf6 2. c4 c5 3. d5 e6 4. Nc3 exd5 5. cxd5 d6 6. e4 g6 7. f4 Bg7 8. Bb5+
Nfd7 9. a4 a6 10. Bd3 Qh4+ 11. g3 Qe7 12. Nf3 O-O 13. O-O Nf6 14. Kg2 Bg4 15.
h3 Bxf3+ 16. Qxf3 Nbd7 17. Bd2 c4 18. Bxc4 Rac8 19. b3 Nc5 20. Rfe1 b5 21. axb5
axb5 22. Nxb5 Nfxe4 23. Bc3 Bxc3 24. Nxc3 f5 25. b4 Qg7 26. bxc5 Nxc3 27. c6
Rb8 28. Bd3 Rb2+ 29. Kf1 Qd4 30. Qe3 Qxd5 31. Qe6+ Kh8 32. Qxd5 Nxd5 33. Bc4
Nf6 34. Rac1 Rc8 35. Be6 Rc7 36. g4 Ne4 37. Re3 Nc5 38. Bd7 Nxd7 39. Re7 Rbb7
40. cxb7 Rxc1+ 41. Ke2 Nb8 42. Re8+ Kg7 43. Rxb8 Rb1 44. gxf5 gxf5 45. Kd3 Rb4
46. Kc3 Rxf4 47. Rd8 1-0

[Event "2. Match China-Francia juvenil"]
[Site "Shenzheng CHN"]
[Date "2005.06.29"]
[Round "2.2"]
[White "Benmesbah, Natascha"]
[Black "Zhao Xue"]
[Result "0-1"]
[WhiteElo "2113"]
[BlackElo "2478"]
[PlyCount "56"]
[EventDate "2005.06.28"]
[EventType "team"]
[EventRounds "8"]
[EventCountry "CHN"]
[Source "lmi"]
[SourceDate "2005.07.07"]

1. e4 c5 2. b3 Nc6 3. Bb2 d6 4. Bb5 Bd7 5. Nf3 e5 6. O-O Nf6 7. Re1 Be7 8. c3
O-O 9. d4 cxd4 10. cxd4 exd4 11. Nbd2 d5 12. Bxc6 bxc6 13. exd5 c5 14. b4 cxb4
15. Ne4 Bf5 16. Nxf6+ Bxf6 17. Bxd4 Qxd5 18. Bxf6 Qxd1 19. Raxd1 gxf6 20. Nd4
Bd7 21. Re7 Rfd8 22. Nb3 Be6 23. Rxd8+ Rxd8 24. h3 Ra8 25. Rb7 a5 26. Rb5 a4
27. Nc1 Rc8 28. Nd3 Bc4 0-1

[Event "2. Match China-Francia juvenil"]
[Site "Shenzheng CHN"]
[Date "2005.06.29"]
[Round "2.3"]
[White "Le Roux, Jean Pierre"]
[Black "Zhou Jianchao"]
[Result "0-1"]
[WhiteElo "2466"]
[BlackElo "2473"]
[PlyCount "88"]
[EventDate "2005.06.28"]
[EventType "team"]
[EventRounds "8"]
[EventCountry "CHN"]
[Source "lmi"]
[SourceDate "2005.07.07"]

1. d4 d5 2. c4 c6 3. Nf3 Nf6 4. e3 a6 5. Bd3 Bg4 6. Nbd2 e6 7. O-O Nbd7 8. b3
Bd6 9. Bb2 O-O 10. Qc2 Qb8 11. h3 Bh5 12. Ng5 Bg6 13. Bxg6 hxg6 14. Rad1 Be7
15. Ndf3 Re8 16. Rfe1 a5 17. h4 Bd6 18. g3 b5 19. c5 Bc7 20. Kg2 a4 21. Rh1
axb3 22. axb3 Ra2 23. Ra1 Rxa1 24. Bxa1 Kf8 25. Bc3 Ng4 26. e4 b4 27. Bd2 Qb5
28. Bc1 dxe4 29. Nxe4 Ngf6 30. Nxf6 Nxf6 31. Bg5 Qa6 32. Bxf6 gxf6 33. h5 g5
34. Qh7 Ke7 35. h6 Qc8 36. Qe4 Qd7 37. Ra1 f5 38. Qe3 f4 39. Qd3 g4 40. Nd2 Rh8
41. h7 fxg3 42. fxg3 f5 43. Qc4 Kf6 44. Ra6 Qxh7 0-1

[Event "2. Match China-Francia juvenil"]
[Site "Shenzheng CHN"]
[Date "2005.06.30"]
[Round "3.1"]
[White "Benmesbah, Natascha"]
[Black "Zhao Jun"]
[Result "0-1"]
[WhiteElo "2113"]
[BlackElo "2521"]
[PlyCount "64"]
[EventDate "2005.06.28"]
[EventType "team"]
[EventRounds "8"]
[EventCountry "CHN"]
[Source "lmi"]
[SourceDate "2005.07.07"]

1. e4 c5 2. c3 d5 3. exd5 Qxd5 4. d4 Nc6 5. Nf3 Bg4 6. Be2 cxd4 7. cxd4 e6 8.
Nc3 Qa5 9. O-O Nf6 10. a3 Bd6 11. h3 Bh5 12. Be3 O-O 13. Qb3 Ne7 14. Qxb7 Rab8
15. Qa6 Qxa6 16. Bxa6 Bxf3 17. gxf3 Rxb2 18. Ne4 Rb6 19. Bd3 Nfd5 20. Nxd6 Rxd6
21. Rfb1 Rb6 22. Rxb6 axb6 23. Rb1 Ra8 24. Rb3 h6 25. Bb5 Rc8 26. Bd2 Rc2 27.
Rd3 Ng6 28. f4 Rb2 29. a4 Ngxf4 30. Bxf4 Nxf4 31. Rc3 g5 32. Re3 Kg7 0-1

[Event "2. Match China-Francia juvenil"]
[Site "Shenzheng CHN"]
[Date "2005.07.01"]
[Round "4.1"]
[White "Fontaine, Robert"]
[Black "Zhao Xue"]
[Result "0-1"]
[WhiteElo "2539"]
[BlackElo "2478"]
[PlyCount "118"]
[EventDate "2005.06.28"]
[EventType "team"]
[EventRounds "8"]
[EventCountry "CHN"]
[Source "lmi"]
[SourceDate "2005.07.07"]

1. e4 e5 2. Nf3 Nc6 3. Bb5 a6 4. Ba4 Nf6 5. O-O Be7 6. Re1 b5 7. Bb3 d6 8. c3
O-O 9. h3 Nb8 10. d4 Nbd7 11. Nbd2 Bb7 12. Bc2 c5 13. dxe5 dxe5 14. Qe2 c4 15.
Nf1 Qc7 16. Ng3 Rfe8 17. Nh2 Nc5 18. Ng4 g6 19. Nh6+ Kg7 20. Qf3 Bf8 21. Bg5
Re6 22. Ngf5+ Kh8 23. Nd4 exd4 24. Bxf6+ Bg7 25. Bxd4 f5 26. Qe3 Nd3 27. Bxd3
cxd3 28. Qxd3 Rae8 29. Qd2 Rxe4 30. Rxe4 Rxe4 31. Bxg7+ Kxg7 32. Rd1 Qe7 33. f3
Re3 34. Kf2 Re6 35. Qf4 Bc6 36. h4 Re2+ 37. Kg3 Qe5 38. Qxe5+ Rxe5 39. Kf4 Re2
40. Rd6 Be8 41. Nxf5+ gxf5 42. Rxa6 Rxb2 43. g4 fxg4 44. fxg4 Rf2+ 45. Ke5 Re2+
46. Kf4 Re7 47. h5 Rc7 48. a3 Rc4+ 49. Ke5 Rxg4 50. h6+ Kf8 51. Ra7 Bg6 52. Rb7
Rh4 53. Rb8+ Ke7 54. Rb7+ Kf8 55. Rb8+ Be8 56. Rb6 Ke7 57. Re6+ Kd7 58. Rd6+
Kc7 59. Re6 Bg6 0-1

[Event "2. Match China-Francia juvenil"]
[Site "Shenzheng CHN"]
[Date "2005.07.01"]
[Round "4.4"]
[White "Zhao Jun"]
[Black "Le Roux, Jean Pierre"]
[Result "0-1"]
[WhiteElo "2521"]
[BlackElo "2466"]
[PlyCount "60"]
[EventDate "2005.06.28"]
[EventType "team"]
[EventRounds "8"]
[EventCountry "CHN"]
[Source "lmi"]
[SourceDate "2005.07.07"]

1. e4 c6 2. d4 d5 3. e5 Bf5 4. Nc3 e6 5. g4 Bg6 6. Nge2 c5 7. h4 h5 8. Nf4 Bh7
9. Nxh5 cxd4 10. Nb5 Nc6 11. Nxd4 Rc8 12. Bb5 Be4 13. Rh3 g6 14. Ng3 Rxh4 15.
Rxh4 Qxh4 16. Nxc6 bxc6 17. Bf1 Nh6 18. Bf4 Nxg4 19. Nxe4 dxe4 20. Bg3 Qg5 21.
Qd4 Rd8 22. Qc3 Bc5 23. Be2 Rd5 24. Rd1 Ne3 25. Rd2 Ng2+ 26. Kd1 Rxd2+ 27. Qxd2
e3 28. Qc3 exf2 29. Qxc5 Ne3+ 30. Kd2 f1=Q 0-1

[Event "2. Match China-Francia juvenil"]
[Site "Shenzheng CHN"]
[Date "2005.07.02"]
[Round "5.3"]
[White "Le Roux, Jean Pierre"]
[Black "Zhao Xue"]
[Result "1/2-1/2"]
[WhiteElo "2466"]
[BlackElo "2478"]
[PlyCount "113"]
[EventDate "2005.06.28"]
[EventType "team"]
[EventRounds "8"]
[EventCountry "CHN"]
[Source "lmi"]
[SourceDate "2005.07.07"]

1. d4 Nf6 2. c4 e6 3. Nc3 Bb4 4. e3 O-O 5. a3 Bxc3+ 6. bxc3 c5 7. Bd3 Nc6 8.
Ne2 e5 9. O-O Re8 10. Ng3 d6 11. d5 Ne7 12. f4 exf4 13. exf4 Qa5 14. Bd2 b5 15.
cxb5 Nexd5 16. c4 Qb6 17. Qa4 a6 18. Ba5 Qa7 19. cxd5 axb5 20. Bxb5 Rf8 21. Bc7
Qxa4 22. Bxa4 Rxa4 23. Bxd6 Rd8 24. Bxc5 Rxd5 25. Bb4 h5 26. Rfe1 Bd7 27. Nf1
Rd4 28. g3 Ra8 29. Bc3 Rd6 30. Rad1 Rxd1 31. Rxd1 Bg4 32. Ra1 Nd5 33. Bd2 Bd7
34. Kf2 Ra4 35. Be3 Rc4 36. Rd1 Bc6 37. Bd4 h4 38. Bb2 Rc2+ 39. Rd2 Rc4 40. Re2
Bb5 41. Rd2 hxg3+ 42. hxg3 Nxf4 43. Ne3 Nh3+ 44. Kg2 Re4 45. Nf5 Ng5 46. Nd6
Re2+ 47. Rxe2 Bxe2 48. Kf2 Bd1 49. Ke3 Ne6 50. Kd2 Bg4 51. Kc3 f5 52. Kb4 g5
53. a4 f4 54. gxf4 gxf4 55. a5 Be2 56. Bc1 f3 57. Be3 1/2-1/2

[Event "2. Match China-Francia juvenil"]
[Site "Shenzheng CHN"]
[Date "2005.07.02"]
[Round "5.4"]
[White "Zhao Jun"]
[Black "Fontaine, Robert"]
[Result "1/2-1/2"]
[WhiteElo "2521"]
[BlackElo "2539"]
[PlyCount "130"]
[EventDate "2005.06.28"]
[EventType "team"]
[EventRounds "8"]
[EventCountry "CHN"]
[Source "lmi"]
[SourceDate "2005.07.07"]

1. e4 e5 2. Nf3 Nc6 3. Bb5 Nf6 4. O-O Nxe4 5. Re1 Nd6 6. Nxe5 Nxe5 7. Rxe5+ Be7
8. Nc3 O-O 9. Bd3 c6 10. Qf3 g6 11. b3 Ne8 12. Bb2 d6 13. Re3 Bf6 14. Rae1 Ng7
15. Ba3 Bf5 16. Ne4 Bxe4 17. Rxe4 a5 18. c3 Bg5 19. Bc2 Re8 20. Rxe8+ Nxe8 21.
d4 Qf6 22. Qd3 Nc7 23. g3 Bh6 24. Kg2 b5 25. Bd1 b4 26. Bb2 d5 27. a4 Bf8 28.
Bg4 h5 29. Bh3 Rb8 30. Rc1 Ne6 31. cxb4 Bxb4 32. Rc2 Kg7 33. f4 h4 34. Rf2 hxg3
35. hxg3 Rh8 36. Qe3 Bd6 37. Bg4 Re8 38. Qc3 Bb4 39. Qd3 Nc7 40. Re2 Qd8 41.
Qc2 Rxe2+ 42. Qxe2 Bd6 43. Bc3 Qb8 44. Qc2 Qb6 45. f5 Ne8 46. fxg6 fxg6 47. Be2
Qc7 48. Bd3 Nf6 49. Be1 Qe7 50. Qe2 Qa7 51. Qe6 Bf8 52. Qe5 Qb6 53. Bc3 Qxb3
54. Qg5 Ne4 55. Bxe4 dxe4 56. Qxa5 Qa2+ 57. Kh3 Qe6+ 58. g4 Qc4 59. Qe5+ Kf7
60. d5 Qf1+ 61. Kh2 Qf2+ 62. Kh3 Qf1+ 63. Kh2 Qe2+ 64. Kh3 Qf3+ 65. Kh2 Qf2+
1/2-1/2

[Event "2. Match China-Francia juvenil"]
[Site "Shenzheng CHN"]
[Date "2005.07.03"]
[Round "6.3"]
[White "Zhou Jianchao"]
[Black "Le Roux, Jean Pierre"]
[Result "1/2-1/2"]
[WhiteElo "2473"]
[BlackElo "2466"]
[PlyCount "72"]
[EventDate "2005.06.28"]
[EventType "team"]
[EventRounds "8"]
[EventCountry "CHN"]
[Source "lmi"]
[SourceDate "2005.07.07"]

1. d4 Nf6 2. c4 e6 3. Nf3 b6 4. g3 Ba6 5. b3 Bb4+ 6. Bd2 Be7 7. Bg2 c6 8. O-O
O-O 9. Bc3 d5 10. Nbd2 Nbd7 11. Re1 Bb7 12. e4 Nxe4 13. Nxe4 dxe4 14. Rxe4 c5
15. Re3 Bf6 16. Ne5 Bxg2 17. Kxg2 cxd4 18. Bxd4 Nxe5 19. Bxe5 Bxe5 20. Qxd8
Rfxd8 21. Rxe5 Rd2 22. a4 Rb2 23. Re3 Rd8 24. a5 g5 25. axb6 axb6 26. Re5 h6
27. Rb5 Rd6 28. g4 Kg7 29. Re1 Rdd2 30. Rf1 Rd3 31. Rxb6 Rdxb3 32. Rxb3 Rxb3
33. Rc1 Kf6 34. c5 Rb7 35. Rc3 Ke5 36. Rh3 Rc7 1/2-1/2

[Event "2. Match China-Francia juvenil"]
[Site "Shenzheng CHN"]
[Date "2005.07.04"]
[Round "7.4"]
[White "Zhao Jun"]
[Black "Benmesbah, Natascha"]
[Result "1-0"]
[WhiteElo "2521"]
[BlackElo "2113"]
[PlyCount "85"]
[EventDate "2005.06.28"]
[EventType "team"]
[EventRounds "8"]
[EventCountry "CHN"]
[Source "lmi"]
[SourceDate "2005.07.07"]

1. e4 c5 2. Nf3 d6 3. Bb5+ Nd7 4. d4 Ngf6 5. Nc3 cxd4 6. Qxd4 e5 7. Qd3 h6 8.
Be3 a6 9. Bc4 Be7 10. a4 Qc7 11. O-O Nc5 12. Bxc5 Qxc5 13. Nd5 Be6 14. Nxf6+
Bxf6 15. Bxe6 fxe6 16. Qb3 d5 17. exd5 exd5 18. Nxe5 Bxe5 19. Rae1 Qd6 20. Qg3
O-O 21. Qxe5 Qxe5 22. Rxe5 Rac8 23. Rc1 Rc4 24. Rxd5 Rxa4 25. c3 Ra2 26. Rb1
Re8 27. Kf1 Re7 28. Rd2 Kf7 29. Re2 Rxe2 30. Kxe2 Ke7 31. Kd3 Ra5 32. Re1+ Kd7
33. Re4 g5 34. h4 Rf5 35. f3 Kd6 36. Rd4+ Ke6 37. Rb4 b5 38. Re4+ Kd7 39. b4
Rf6 40. hxg5 hxg5 41. Rg4 Rf5 42. Ke4 Ke6 43. f4 1-0

[Event "2. Match China-Francia juvenil"]
[Site "Shenzheng CHN"]
[Date "2005.07.05"]
[Round "8.1"]
[White "Benmesbah, Natascha"]
[Black "Hou Yifan"]
[Result "0-1"]
[WhiteElo "2113"]
[BlackElo "2158"]
[PlyCount "64"]
[EventDate "2005.06.28"]
[EventType "team"]
[EventRounds "8"]
[EventCountry "CHN"]
[Source "lmi"]
[SourceDate "2005.07.07"]

1. e4 e6 2. d4 d5 3. Nc3 Bb4 4. exd5 exd5 5. Bd3 Ne7 6. Qf3 Nbc6 7. Nge2 Be6 8.
Qg3 O-O 9. Bh6 Ng6 10. Bg5 Qd7 11. O-O-O Bd6 12. Qe3 Rae8 13. Qd2 Nb4 14. h4
Nxd3+ 15. Qxd3 Bf5 16. Qd2 f6 17. Be3 Ne7 18. Bf4 b5 19. f3 b4 20. Nb1 Qa4 21.
g4 Bd7 22. Bxd6 cxd6 23. a3 bxa3 24. Nxa3 Rb8 25. Nc3 Qb4 26. Rde1 Qxb2+ 27.
Kd1 Qxa3 28. Rxe7 Qa1+ 29. Qc1 Qxc3 30. Rxd7 Qxf3+ 31. Kd2 Qf4+ 32. Kd3 Qe4+
0-1

[Event "2. Match China-Francia juvenil"]
[Site "Shenzheng CHN"]
[Date "2005.07.05"]
[Round "8.4"]
[White "Le Roux, Jean Pierre"]
[Black "Zhao Jun"]
[Result "1/2-1/2"]
[WhiteElo "2466"]
[BlackElo "2521"]
[PlyCount "56"]
[EventDate "2005.06.28"]
[EventType "team"]
[EventRounds "8"]
[EventCountry "CHN"]
[Source "lmi"]
[SourceDate "2005.07.07"]

1. d4 Nf6 2. c4 e6 3. Nc3 Bb4 4. e3 O-O 5. Bd3 d5 6. Nf3 c5 7. O-O Nc6 8. a3
Bxc3 9. bxc3 dxc4 10. Bxc4 Qc7 11. Bb5 a6 12. Bd3 e5 13. Qc2 Re8 14. e4 exd4
15. cxd4 Bg4 16. e5 Bxf3 17. exf6 Nxd4 18. Bxh7+ Kh8 19. fxg7+ Kxg7 20. Bb2
Rad8 21. gxf3 Rh8 22. Kh1 Kf8 23. Qe4 f5 24. Qh4 Rxh7 25. Qf6+ Ke8 26. Qg6+ Qf7
27. Qg3 f4 28. Qg4 Qf5 1/2-1/2